00558nam a22001937a 450000500170000001000130001702000220003003500130005203700160006504000120008108200130009310000130010624500870011926000380020627000480024430000200029265000240031265000280033620170124105950.0 aA-351315 c00.00a8120802888 aA-351315 bCen Lib/Ret aDPLbEN a250bLIN aLindtner aNagarjuniana :cby Lindtnerbstudies in the writings and philosophy of Nagarjuna / aDelhibMotilal Banarsi Dassc1987 aBungalow road, Jawahar nagarbDelhie110007 a327p.c21cm(Hb) aBuddhist philosophy aMādhyamika (Buddhism)